| 000 | 00810cam a22002414a 4500 | ||
|---|---|---|---|
| 001 | sa 68017650 | ||
| 003 | DLC | ||
| 005 | 20260227112704.0 | ||
| 008 | 890913s1968 ii b 000 0 hino | ||
| 010 | _asa 68017650 | ||
| 035 | _a(OCoLC)20337099 | ||
| 040 |
_aDLC _cDLC |
||
| 041 | 0 |
_ahin _abra |
|
| 050 | 0 | 0 |
_aPK1967.9.V47 _bZ94 1968 |
| 100 | 0 |
_aVinaya, _d1937- |
|
| 245 | 1 | 0 |
_aKavivara Bihārī : _bMahākavi Bihārī para sarvāgīṇa ālocanātmaka adhyayana / _clekhaka, Ḍā. Vinaya, Kr̥shṇa Vātsyāyana. |
| 260 |
_aDillī : _bJñāna Bhāratī, _c[1968?] |
||
| 300 |
_a168 p. ; _c23 cm. |
||
| 546 | _aIn Hindi with passages in Braj. | ||
| 504 | _aIncludes bibliographical references. | ||
| 600 | 0 | 0 |
_aVihārī Lāla, _cKavi _xCriticism and interpretation. |
| 700 | 1 | _aVātsyāyana, Kr̥shṇa. | |
| 999 |
_c87855 _d87855 |
||